| 000 | 00566cam a2200205 4500 | ||
|---|---|---|---|
| 001 | D6697 | ||
| 008 | 090401t1984 xxu||||| |||| 00| 0 eng d | ||
| 035 | _a(Sirsi) u2526 | ||
| 041 | _aeng | ||
| 050 | _a696.9 | ||
| 100 | _aLittler, John | ||
| 245 | _aDesign with energy: the conservation and use of energy in buildings | ||
| 260 |
_aCambridge _bCambridge University Press _c1984 |
||
| 300 | _axvi. 366p. ill. 25cm | ||
| 350 | _a12.95 | ||
| 490 | _aCambridge Urban and Architectural Studies | ||
| 700 | _aThomas, Randall | ||
| 942 | _n0 | ||
| 948 | _c04/03/1997 | ||
| 999 |
_c85780 _d85780 |
||